Premier League Captains 2013/14 - Statistics

General Stats
  • This quiz has been taken 1,188 times
  • The average score is 11 of 20
Answer Stats
Club Nationality Captain % Correct
Chelsea English John Terry
93%
Manchester City Belgian Vincent Kompany
92%
Manchester United Serbian Nemanja Vidic
91%
Liverpool English Steven Gerrard
91%
Arsenal Belgian Thomas Vermaelen
66%
Aston Villa Dutch Ron Vlaar
63%
Everton English Phil Jagielka
62%
Newcastle United Argentinian Fabriccio Coloccini
55%
Swansea City Welsh Ashley Williams
53%
West Ham United English Kevin Nolan
53%
Stoke City English Ryan Shawcross
52%
Tottenham Hotspur English Michael Dawson
51%
Southampton English Adam Lallana
47%
Sunderland Irish John O'Shea
47%
Fulham Norwegian Brede Hangeland
46%
West Bromwich Albion Northern Irish Chris Brunt
36%
Hull City Slovenian Robert Koren
24%
Norwich City Scottish Russell Martin
20%
Crystal Palace Irish Paddy McCarthy
11%
Cardiff City English Mark Hudson
9%
No matching quizzes found
Score Distribution
Percent of People with Each Score
Percentile by Number Answered
Your Score History
You have not taken this quiz